El misterio de las hadas / (Record no. 148630)

MARC details
000 -CABECERA
campo de control de longitud fija 00691nam a2200217 u 4500
005 - FECHA Y HORA DE LA ÚLTIMA TRANSACCIÓN
campo de control 20240806064017.0
008 - ELEMENTOS DE LONGITUD FIJA--INFORMACIÓN GENERAL
campo de control de longitud fija 100614s2003 es r 000 0 spa d
020 ## - NÚMERO INTERNACIONAL NORMALIZADO PARA LIBROS
Número Internacional Estándar del Libro 849716220X
035 ## - NÚMERO DE CONTROL DEL SISTEMA
Número de control de sistema UPN01000176527
049 ## - COLECCIÓN
Colección CG
050 #4 - SIGNATURA TOPOGRÁFICA DE LA BIBLIOTECA DEL CONGRESO
Número de clasificación PR4620
Número de documento/Ítem D6.5 2003
100 1# - ASIENTO PRINCIPAL--NOMBRE PERSONAL
Nombre de persona Doyle, Arthur Conan,
Títulos y otros términos asociados al nombre Sir,
Fechas asociadas al nombre 1859-1930
9 (RLIN) 30305
245 13 - MENCIÓN DE TÍTULO
Título El misterio de las hadas /
Mención de responsabilidad, etc. Arthur Conan Doyle ; pról. y epílogo de Christopher Clemens ; tr. de Jerónimo Sahagún.
250 ## - MENCIÓN DE EDICIÓN
Mención de edición 2a ed.
260 ## - PUBLICACIÓN, DISTRIBUCIÓN, ETC.
Lugar de publicación, distribución, etc. Barcelona, Esp. :
Nombre del editor, distribuidor, etc. [José J. de Olañeta],
Fecha de publicación, distribución, etc. 2003.
300 ## - DESCRIPCIÓN FÍSICA
Extensión 140 p. :
Otras características físicas il.
440 #3 - MENCIÓN DE SERIE/ASIENTO SECUNDARIO--TÍTULO
Título El barquero ;
Designación de volumen o secuencia 13
650 #4 - ASIENTO SECUNDARIO DE MATERIA - TERMINO TEMATICO
Término de materia o nombre geográfico como elemento de entrada Literatura inglesa
9 (RLIN) 5228
650 #4 - ASIENTO SECUNDARIO DE MATERIA - TERMINO TEMATICO
Término de materia o nombre geográfico como elemento de entrada HADAS
9 (RLIN) 13686
905 ## - TIPO DE MATERIAL
Tipo de material Libro
Holdings
Estado de retiro Estado de pérdida Fuente del sistema de clasificación o colocación Estado dañado No para préstamo Código de colección Localización permanente Ubicación/localización actual Ubicación en estantería Total de préstamos Clasificación Código de barras Fecha visto por última vez Número de copia Tipo de ítem Koha
    Library of Congress Classification     Colección General Bib. Gregorio Torres Quintero Bib. Gregorio Torres Quintero Planta baja   PR4620 D6.5 2003 273325 31/12/2020 1 Libro